| 000 | 00638nam a22002177a 4500 | ||
|---|---|---|---|
| 003 | OSt | ||
| 005 | 20240716124154.0 | ||
| 008 | 240716b |||||||| |||| 00| 0 eng d | ||
| 020 | _a9781426018510 | ||
| 020 | _a1426018517 | ||
| 040 | _cMUST | ||
| 082 | _a384 DEC 2009 | ||
| 100 |
_aDecker, Bert _918766 |
||
| 245 |
_aCommunication skills for leaders : _bdelivering a clear and consistent message / _cBert Decker |
||
| 250 | _a4th.ed. | ||
| 260 |
_aFairport, NY. _bAxzo Press _c2009 |
||
| 300 |
_aii, 99p.: _bill. ; _c32 cm. |
||
| 440 |
_aCrisp fifty-minute series _918767 |
||
| 650 |
_aCommunication skills _92197 |
||
| 942 |
_2ddc _cO_SHELF |
||
| 999 |
_c9198 _d9198 |
||